LEADER 00786nam a2200169 i 4500 001 000000250912 003 CaOOAMICUS 005 20160825000000.0 008 160825s1836 it u000 u ita u 013 $a229817 040 $aSeMil$bita 245 10$aAppendice per gli anni 1831, 1832, 1833, 1834 con l'indice generale delle materie. 300 $a374 p. 773 0 $aLorenzoni, Antonio <1755-1840>$tInstituzioni del diritto pubblico interno pel Regno lombardo-veneto.$dPadova : Coi tipi della Minerva : [poi]... Cartallier e Sicca, 1835.$g[4$w()8218 850 $aSeMil 852 $aSeMil$W1$xVenegono$y1$m3L III 57 FA$j201258$B201258$CSeMilBibl$Z2$F213016 $8I 996 $6245$aAppendice per gli anni 1831, 1832, 1833, 1834 con l'indice generale delle materie$9(OLS)http://semarc/title/353047 LEADER 00697nam a2200193 i 4500 001 000000211796 003 CaOOAMICUS 005 20120314000000.0 008 120314s1840 it u000 u fre u 013 $a190609 040 $aSeMil$bita 245 10$aTome 1. 300 $aVIII, 280 p., [1] c. di tav. :$bill. 490 0 $aBibliothèque choisie 773 0 $aMarmier, Xavier <1809-1892>$tLettres sur le Nord Danemark.$b2. Ed.$dParis : Delloye, 1840-1841.$g1$w()25148 830 0$aBibliothèque choisie.$0(OLS)http://semarc/title/33831 850 $aSeMil 852 $aSeMil$W1$xVenegono$y1$m1V IV 88 FA$j162235$B162235$CSeMilBibl$Z2$F173513 $8I 996 $6245$aTome 1$9(OLS)http://semarc/title/1447